000 00642nam a2200253Ia 4500
005 20250425161830.0
008 250425s9999 xx 000 0 und d
020 _a9505372108
041 _aspa
043 _aag
082 _a658.18
100 _aMONTEVERDE, AGUSTIN A.
245 0 _aESTRATEGIAS PARA LA COMPETITIVIDAD INTERNACIONAL
250 _a1A ED.
260 _aArgentina
_bEDICIONES MACCHI
_c1992
260 _aBUENOS AIRES
300 _a301
650 _aEMPRESAS PRODUCTIVAS
650 _aEMPRESAS-ADMINISTRACION
650 _aEMPRESAS-ESTRATEGIAS
710 _aEDICIONES MACCHI
942 _c01
010 _a31698
999 _c217035
_d217035